Statistics for All Countries with 4 Borders

Click here to take the quiz!

General Stats

  • This quiz has been taken 37 times
  • The average score is 12 of 23

Answer Stats

Answer% Correct
Namibia
67%
Slovenia
67%
Greece
63%
Thailand
63%
Albania
58%
Guatemala
58%
Pakistan
58%
Armenia
54%
Botswana
54%
Czech Republic
54%
Kyrgyzstan
54%
Latvia
54%
Zimbabwe
54%
Egypt
50%
Lithuania
50%
Nigeria
50%
Tajikistan
50%
Georgia
46%
Turkmenistan
46%
Kosovo
38%
Mauritania
38%
Benin
33%
Rwanda
29%

Score Distribution

Percentile by Number Answered

Percent of People with Each Score

Your Score History

You have not taken this quiz